| 000 | 00414nam a22001577a 4500 | ||
|---|---|---|---|
| 020 | _a9789332500334 | ||
| 040 | _cNUST | ||
| 082 | _a658.3 ROB | ||
| 100 | _aRobbins, Stephen P. | ||
| 110 |
_aJudge, Timothy A. Vohra, Neharika _991913 |
||
| 245 | _aOrganizational Behavior | ||
| 250 | _a15th Edition | ||
| 260 |
_aNew Delhi: _bPearson Education, _c2014. |
||
| 650 | _aOrganizational Behavior | ||
| 942 |
_2ddc _cBK |
||
| 999 |
_c590030 _d590030 |
||